Cincuenta aniversario de la Confederación de Trabajadores de América Latina 1938/1988 (Record no. 8165)

MARC details
000 -CABECERA
campo de control de longitud fija 00879nam a2200241 a 4500
003 - IDENTIFICADOR DEL NÚMERO DE CONTROL
campo de control MX-MxUPN
005 - FECHA Y HORA DE LA ÚLTIMA TRANSACCIÓN
campo de control 20240530063900.0
008 - ELEMENTOS DE LONGITUD FIJA--INFORMACIÓN GENERAL
campo de control de longitud fija 991125s1990 mx fr 000 0 spa d
020 ## - NÚMERO INTERNACIONAL NORMALIZADO PARA LIBROS
Número Internacional Estándar del Libro 9682936583
035 ## - NÚMERO DE CONTROL DEL SISTEMA
Número de control de sistema UPN01000008165
040 ## - FUENTE DE LA CATALOGACIÓN
Centro catalogador/agencia de origen MX-MxUPN
Lengua de catalogación spa
Centro/agencia transcriptor MX-MxUPN
041 ## - CÓDIGO DE IDIOMA
Código de lengua del texto/banda sonora o título independiente spa
050 #4 - SIGNATURA TOPOGRÁFICA DE LA BIBLIOTECA DEL CONGRESO
Número de clasificación HD6477
Número de documento/Ítem M4.2
111 2# - ASIENTO PRINCIPAL--NOMBRE DE REUNION
Nombre de congreso/reunión o jurisdicción como elemento de entrada Memoria del Seminario Internacional de Estudios Filosóficos
Número del congreso/reunión o número de parte o sección (7o :
Fecha del congreso/reunión 1990 :
Sede del congreso/Lugar de la reunión México, D.F.)
245 10 - MENCIÓN DE TÍTULO
Título Cincuenta aniversario de la Confederación de Trabajadores de América Latina 1938/1988
250 ## - MENCIÓN DE EDICIÓN
Mención de edición Primera edición
260 ## - PUBLICACIÓN, DISTRIBUCIÓN, ETC.
Lugar de publicación, distribución, etc. México, D.F. :
Nombre del editor, distribuidor, etc. Centro de Estudios Filosóficos, Políticos y Sociales "Vicente Lombardo Toledano",
Fecha de publicación, distribución, etc. 1990.
300 ## - DESCRIPCIÓN FÍSICA
Extensión 199 páginas
610 20 - ASIENTO SECUNDARIO DE MATERIA - NOMBRE CORPORATIVO
Nombre de entidad corporativa o nombre de jurisdicción como elemento de entrada Confederación de Trabajadores de América Latina
9 (RLIN) 11491
650 #4 - ASIENTO SECUNDARIO DE MATERIA - TERMINO TEMATICO
Término de materia o nombre geográfico como elemento de entrada Sindicalismo
Subdivisión geográfica América Latina
9 (RLIN) 14417
905 ## - TIPO DE MATERIAL
Tipo de material Libro
942 ## - ELEMENTOS DE PUNTO DE ACCESO ADICIONAL (KOHA)
Fuente del sistema de clasificación o colocación Library of Congress Classification
Tipo de ítem Koha Libro
Suprimir en OPAC No
Holdings
Estado de retiro Estado de pérdida Fuente del sistema de clasificación o colocación Estado dañado No para préstamo Código de colección Localización permanente Ubicación/localización actual Ubicación en estantería Fecha de adquisición Clasificación Código de barras Fecha visto por última vez Número de copia Tipo de ítem Koha Nota pública
    Library of Congress Classification     Colección General Bib. Gregorio Torres Quintero Bib. Gregorio Torres Quintero Planta baja 29/05/2024 HD6477 M4.2 150921 31/12/2020 Ej.2 Libro Ejemplar con sello del Sistema de Bibliotecas para la Formación y Actualización de Docentes
    Library of Congress Classification     Colección General Bib. Gregorio Torres Quintero Bib. Gregorio Torres Quintero Planta baja 29/05/2024 HD6477 M4.2 219968 31/12/2020   Libro  
    Library of Congress Classification     Colección General Bib. Gregorio Torres Quintero Bib. Gregorio Torres Quintero Planta baja 29/05/2024 HD6477 M4.2 139312 31/12/2020   Libro Ejemplar con sello del Sistema de Bibliotecas para la Formación y Actualización de Docentes